000 01578nam a2200217Ia 4500
003 Ost
005 20260507075132.0
008 260507s9999||||xx |||||||||||||| ||und||
040 _cfsecg
041 _aara
082 _a330
100 _aخلف، فليح حسن
_eمؤلف
245 0 _aالأسواق المالية النقدية /
_c فليح حسن خلف
260 _aعمان:
_bدار الكتاب العالمي,
_c2006
300 _a358 صفحة؛
_bإيضاحات ؛
_c24 سم
520 _aماهية الأسواق المالية والنقدية- أنواع الأسواق المالية والنقدية- العوامل التي تحدد الإستثمار في الأسواق المالية والنقدية والسياسة النقدية- المتعاملون في الأسواق المالية والنقدية- شركات وصناديق الإستثمار- أنواع صناديق الأستثمار وسياساتها وكفاءتها- أسعار الفائدة وعمل الأسواق المالية والنقدية- الأدوات المستخدمة في الاسواق المالية- الأدوات المستخدمة في الأسواق المالية- الأدوات المستخدمة في الأسواق المالية(السندات)- كيفية التعامل في الأسواق المالية والنقدية- التعامل في الأسواق المالية والنقدية الدولية والعربية.
653 _aالأسواق المالية
653 _aالإقتصاد
653 _aالنقود
942 _cكتاب
999 _c43229
_d43229